Ku genggam bara
| Main Author: | |
|---|---|
| Format: | Book |
| Published: |
Melaka :
Associated Educational Distributors (M) Sdn. Bhd. ,
2010
|
| Series: | Siri novel remaja cemerlang
|
| Subjects: |
MARC
| LEADER | 00000cam a2200000 7i4500 | ||
|---|---|---|---|
| 001 | 0000136942 | ||
| 005 | 20100518.0 | ||
| 020 | |a 9789833859542 | ||
| 090 | 0 | 0 | |a JF |b REM |
| 100 | 0 | |a Mohd. Reduan Haikal | |
| 245 | 1 | 0 | |a Ku genggam bara |c Mohd Reduan Haikal |
| 260 | |a Melaka : |b Associated Educational Distributors (M) Sdn. Bhd. , |c 2010 | ||
| 300 | |a 83p. : |b ill. ; |c 19cm. | ||
| 490 | 0 | |a Siri novel remaja cemerlang | |
| 650 | 0 | 0 | |a Children's stories, Malay |
| 999 | |a 00234490 |b BUKU |c PINJAMAN |e PERPUSTAKAAN KOMUNITI PETALING JAYA | ||